Vereinsmottos der Bundesliga-Clubs - Statistiken

Allgemein
  • Dieses Quiz wurde 123 mal gespielt
  • Das Durchschnittsergebnis liegt bei 9 aus 18
Antwortstatistiken
Hint Antwort % Korrekt
Mia san Mia Bayern München
98%
Die Roten Bullen RB Leipzig
93%
Lebenslang Grün-Weiß Werder Bremen
90%
Die Fohlenelf Borussia Mönchengladbach
88%
Die Eisernen Union Berlin
86%
Die Breisgau-Brasilianer SC Freiburg
85%
Kein Mensch ist illegal FC St. Pauli
75%
Echte Liebe Borussia Dortmund
69%
Nur der ... Hamburger SV
52%
Der Karnevalsverein 1. FSV Mainz 05
45%
Spürbar anders 1. FC Köln
26%
Arbeit. Fußball. Leidenschaft VfL Wolfsburg
20%
Nur eine Stadt. Nur ein Verein. Eintracht Frankfurt
16%
Zusammen voran VfB Stuttgart
14%
Ein Team. Ein Weg. Einmalig TSG Hoffenheim
13%
Kämpfen und Siegen 1. FC Heidenheim
11%
Die andere Familie Bayer Leverkusen
7%
Eine Region - Ein Verein - Eine Leidenschaft FC Augsburg
6%
Keine übereinstimmenden Quizze gefunden
Verteilung der Resultate
Anzahl Personen mit jedem Resultat
Perzentil nach korrekt beantworteten Fragen
Ihre Resultats-Entwicklung
Sie haben dieses Quiz noch nicht gespielt